| 000 | 00692nam a2200217 a 4500 | ||
|---|---|---|---|
| 001 | 585 | ||
| 003 | CDMR | ||
| 005 | 20131105112435.0 | ||
| 008 | 130130s1994||||||||||||||||||||||||||||d | ||
| 020 | _a8408011715 | ||
| 040 |
_aCDMR _bcat _cCDMR |
||
| 100 | 1 |
_aPizarroso Quintero, Alejandro _9431 |
|
| 245 | 1 | 0 |
_aCorazones de papel _b: sensacionalismo y prensa del corazón _cAlejandro Pizarroso i Julia Rivera ; prólogo de Javier Fernández del Moral |
| 260 |
_aBarcelona _c1994 _bPlaneta |
||
| 300 |
_a454 p. _bil. b/n |
||
| 490 | 0 | _aDocumento (Planeta) | |
| 650 | 0 | 4 |
_93099 _aSensacionalisme en la premsa |
| 650 | 0 | 4 |
_93301 _aRevistes del cor |
| 650 | 0 | 4 |
_92742 _aPremsa _zEspanya |
| 942 |
_cMON _2udc |
||
| 999 |
_c585 _d585 |
||